000
00222 a2200085 4500
245
_a
ZIMBABWE AGRICULTURE REVOLUTION REVISITED
_h
Text
100
_a
MANDIVAMBA RUKUNI,PATRICK TAWONEZVI
650
_a
AGRICULTURE
005
20191021095116.0
084
_a
NONE
999
_c
11829
_d
11829